000 00358nam a22001457a 4500
005 20170620155038.0
008 170620b xxu||||| |||| 00| 0 eng d
020 _a978-81-219-4112-9
041 _aeng
100 _aBHATNAGAR, DR M.S
_93869
245 _aA TEXT BOOK OF POLYMER CHEMISTRY
260 _aNEW DELHI
_bS CHAND
_c2004
300 _a552
942 _cBK
999 _c5478
_d5476